The economic weapon (Registro nro. 52353)
[ vista simple ]
| 000 -CABECERA | |
|---|---|
| Longitud fija campo de control | 02141nam a2200349 c 4500 |
| 001 - NÚMERO DE CONTROL | |
| Número de control | 52353 |
| 003 - IDENTIFICADOR DE NÚMERO DE CONTROL | |
| Identificador del número de control | ES-MaCES |
| 005 - FECHA Y HORA DE LA ÚLTIMA TRANSACCIÓN | |
| Fecha y hora de la última transacción | 20250203133932.0 |
| 008 - CAMPO FIJO DE DESCRIPCIÓN FIJA--INFORMACIÓN GENERAL | |
| Códigos de información de longitud fija | 220704s2022 us 000 | eng d |
| 020 ## - ISBN (INTERNATIONAL STANDARD BOOK NUMBER) | |
| Número Internacional Normalizado para Libros (ISBN) | 9780300259360 (hbk) |
| 040 ## - FUENTE DE CATALOGACIÓN | |
| Centro catalogador de origen | ES-MaCES |
| Lengua de catalogación | spa |
| Centro transcriptor | ES-MaCES |
| 100 1# - ENCABEZAMIENTO PRINCIPAL--NOMBRE PERSONAL | |
| 9 (RLIN) | 40399 |
| Nombre de persona | Mulder, Nicholas |
| 245 14 - MENCIÓN DE TÍTULO | |
| Título | The economic weapon |
| Resto del título | : the rise of sanctions as a tool of modern war |
| Mención de responsabilidad, etc. | Nicholas Mulder |
| 260 ## - PUBLICACIÓN, DISTRIBUCIÓN, ETC (PIE DE IMPRENTA) | |
| Lugar de publicación, distribución, etc. | New Haven |
| -- | ; London |
| Nombre del editor, distribuidor, etc. | Yale University Press |
| Fecha de publicación, distribución, etc. | [2022] |
| 300 ## - DESCRIPCIÓN FÍSICA | |
| Extensión | XIV, 434 p. |
| Dimensiones | 24 cm |
| 500 ## - NOTA GENERAL | |
| Nota general | Índices |
| 520 3# - RESUMEN, ETC. | |
| Sumario, etc, | Las sanciones económicas dominan el panorama de la política mundial en la actualidad. Desarrollados por primera vez a principios del siglo XX como una forma de explotar los flujos de la globalización para defender el internacionalismo liberal, su atractivo es que funcionan como una alternativa a la guerra. Este punto de vista, sin embargo, ignora la oscura paradoja en su esencia: diseñadas para prevenir la guerra, las sanciones económicas se basan en técnicas devastadoras de guerra.<br/>Rastreando el uso de sanciones económicas desde los bloqueos de la Primera Guerra Mundial hasta la vigilancia de los imperios coloniales y la confrontación de entreguerras con el fascismo, Nicholas Mulder utiliza una extensa investigación de archivo en una historia política, económica, legal y militar que revela cómo una herramienta coercitiva en tiempos de guerra fue adoptado como instrumento de mantenimiento de la paz por la Liga de las Naciones. Este estudio oportuno arroja luz sobre por qué las sanciones se consideran una forma de guerra y por qué sus consecuencias no deseadas son tan tremendas. |
| 541 ## - NOTA DE LA FUENTE INMEDIANTE DE ADQUISICIÓN | |
| Forma de adquisición | Compra |
| 650 #4 - ASIENTO SECUNDARIO DE MATERIA--TÉRMINO DE MATERIA | |
| Término de materia o nombre geográfico como elemento inicial | sanción |
| 9 (RLIN) | 29073 |
| 650 #4 - ASIENTO SECUNDARIO DE MATERIA--TÉRMINO DE MATERIA | |
| Término de materia o nombre geográfico como elemento inicial | economía |
| 9 (RLIN) | 26781 |
| 650 #4 - ASIENTO SECUNDARIO DE MATERIA--TÉRMINO DE MATERIA | |
| Término de materia o nombre geográfico como elemento inicial | recursos económicos |
| 9 (RLIN) | 27083 |
| 650 #4 - ASIENTO SECUNDARIO DE MATERIA--TÉRMINO DE MATERIA | |
| Término de materia o nombre geográfico como elemento inicial | guerra |
| 9 (RLIN) | 26699 |
| 650 #4 - ASIENTO SECUNDARIO DE MATERIA--TÉRMINO DE MATERIA | |
| Término de materia o nombre geográfico como elemento inicial | armas |
| 9 (RLIN) | 26688 |
| 650 #4 - ASIENTO SECUNDARIO DE MATERIA--TÉRMINO DE MATERIA | |
| Término de materia o nombre geográfico como elemento inicial | política exterior |
| 9 (RLIN) | 26687 |
| 650 #4 - ASIENTO SECUNDARIO DE MATERIA--TÉRMINO DE MATERIA | |
| Término de materia o nombre geográfico como elemento inicial | política de defensa |
| 9 (RLIN) | 26692 |
| 650 #4 - ASIENTO SECUNDARIO DE MATERIA--TÉRMINO DE MATERIA | |
| Término de materia o nombre geográfico como elemento inicial | 1914-1945 |
| 9 (RLIN) | 40412 |
| 650 #4 - ASIENTO SECUNDARIO DE MATERIA--TÉRMINO DE MATERIA | |
| Término de materia o nombre geográfico como elemento inicial | historia |
| 9 (RLIN) | 27251 |
| 653 10 - TÉRMINO DE INDEXACIÓN--NO CONTROLADO | |
| Término no controlado | Ciencias Sociales-Políticas |
| 710 2# - ENCABEZAMIENTO SECUNDARIO--NOMBRE CORPORATIVO | |
| Nombre de entidad o nombre de jurisdicción como elemento inicial | Yale University |
| Término indicativo de función | ed. |
| 9 (RLIN) | 5485 |
| 902 ## - CES. TIPO DE DOCUMENTO | |
| Tipodoc (006$c Sirtex) | LIB Libro |
| 942 ## - ELEMENTOS KOHA | |
| Fuente de clasificaión o esquema | Clasificación propia del CES |
| Koha [por defecto] tipo de item | Monografías |
| Parte de clasificación | Ciencias Sociales Politicas Empresariale |
| Número de registro | Signatura completa | Tipo de item de Koha |
|---|---|---|
| 092730 | SG-7.0.-503 | Monografías |
